00293nam a2200133Ia 45000030006000000080041000060400015000471000017000622450032000792500010001112600009001215460012001300050017001420STCL150530s9999 xx 000 0 und d aSTCLcSTCL aJeffares, B. aSheridan:School for scandal aFirst c1980 aEnglish20220125170849.0